| 000 | 01220nam a2200337Ia 4500 | ||
|---|---|---|---|
| 001 | Z_7031 | ||
| 003 | CHAP | ||
| 005 | 20221206180819.0 | ||
| 008 | 220113s2017 xx 000 0 und d | ||
| 010 | _a170304 | ||
| 040 | _cCHAP | ||
| 090 | _aTesis L86 2601 | ||
| 100 |
_aLuna Nieto, David _9132380 |
||
| 245 |
_aComportamiento productivo de trébol pata de pájaro (Lotus corniculatus L.) en el ciclo verano-otoño / _cDavid Luna Nieto |
||
| 260 |
_aMéxico : _bEl autor, _c2017 |
||
| 300 | _a47 p | ||
| 502 | _aTesis (Ingeniero Agrónomo Especialista en Zootecnia) -- UACh, 2017 \ Dirección: Sergio Iban Mendoza Pedroza; asesoría: Perpetuo Alvarez Vázquez y Alonso Hernández Garay | ||
| 650 |
_aArea foliar _982450 |
||
| 650 |
_aIntercepción luminosa _9146603 |
||
| 650 |
_aLotus corniculatus L. _9146461 |
||
| 650 |
_aRendimiento _9143245 |
||
| 700 |
_a Alvarez Vázquez, Perpetuo, asesor _9146462 |
||
| 700 |
_a Hernández Garay, Alfonso, asesor _9144186 |
||
| 700 |
_aMendoza Pedroza, Sergio Iban, director _9145221 |
||
| 856 | 4 | 2 |
_uhttp://10.13.5.2/tesis/sist113268.pdf _yDescargar PDF |
| 901 | _aTESIS L86 2601 | ||
| 902 | _aM | ||
| 910 | _a2017 | ||
| 942 |
_c2 _2ddc |
||
| 942 |
_c2 _2ddc |
||
| 999 |
_c170304 _d170304 |
||